| 000 | 00394nam a2200109Ia 4500 | ||
|---|---|---|---|
| 008 | 160909s9999 xx 000 0 und d | ||
| 100 | _aBone, Yolanda | ||
| 245 | 4 | _aThe Challenges of a Cognitive-Behavior Workbook to Improve Depression in Rural Women: A Case Study | |
| 260 |
_bBrandman University _c2016 |
||
| 650 | _aNursing | ||
| 856 | _uhttp://pqdtopen.proquest.com/doc/1789891392.html?FMT=ABS | ||
| 999 |
_c303903 _d303903 |
||